000 00661nam a2200205Ii 4500
003 JO-AjNU
008 230605s9999||||xx |||||||||||||| ||und||
040 _aJO-AjNU
_bara
_erda
_cJO-AjNU
041 _aara
050 1 4 _aDT107.2.S255838 1983
100 3 _aشكري، غالي,
_eauthor
_939174
245 0 0 _aسلامة موسى وازمة الضمير العربي
250 _aط4
264 3 1 _aبيروت: دار الافاق الجديدة،1983
300 _a128ص
336 _atext
_btxt
_2rdacontent
337 _aunmediated
_bn
_2rdamedia
338 _avolume
_bnc
_2rdacarrier
650 4 _aتراجم-سلامة موسى-مصر-تاريخ
_939175
999 _aA16522
_c20090
_d20090